Biblioteka Instytutu Północnego w Olsztynie

Widok standardowy Widok MARC

Pozycja Geographic Name

Liczba rekordów, w których użyto hasła: 1

001 - Numer kontrolny

  • control field: 40768

003 - Identyfikator numeru kontrolnego

  • control field: NUKAT

005 - Data i czas ostatniej modyfikacji

  • control field: 20260428103300.0

008 - Dane kontrolne kodowane (40 znaków)

  • fixed length control field: 050120n||azznnbabn |a ana |

010 ## - Numer kontrolny Biblioteki Kongresu

  • numer kontrolny LC: p 2004403745

034 ## - CODED CARTOGRAPHIC MATHEMATICAL DATA

  • Coordinates - westernmost longitude: E0355000
  • Coordinates - easternmost longitude: E0355000
  • Coordinates - northernmost latitude: N0335000
  • Coordinates - southernmost latitude: N0335000
  • Source: geonames

035 ## - Numer systemowy

  • numer systemowy: a10171010

035 ## - Numer systemowy

  • numer systemowy: (PL)a0000001017101

040 ## - Instytucja sporządzająca rekord

  • inst. przygot. dane do rek. khw: WA N
  • język haseł przedmiotowych/tezaurus: DBN
  • inst. wprow. rek. khw: WA N

043 ## - Kod obszaru geograficznego

  • ISO code: LB

151 ## - Hasło - nazwa geograficzna

  • nazwa geograficzna: Liban

368 ## - Other Attributes

  • Juris type: Państwa

451 ## - Trop zob. - nazwa geograficzna

  • nazwa geograficzna: Libnan

451 ## - Trop zob. - nazwa geograficzna

  • nazwa geograficzna: LubnEan

451 ## - Trop zob. - nazwa geograficzna

  • nazwa geograficzna: Lebanon

451 ## - Trop zob. - nazwa geograficzna

  • nazwa geograficzna: Republika Libańska

550 ## - Trop zob. też - nazwa pospolita

  • nazwa posp. lub nazwa geogr. na pocz.: Masakra maronitów w Libanie (1860)

550 ## - Trop zob. też - nazwa pospolita

  • nazwa posp. lub nazwa geogr. na pocz.: Kuchnia libańska

550 ## - Trop zob. też - nazwa pospolita

  • nazwa posp. lub nazwa geogr. na pocz.: Libańczycy

550 ## - Trop zob. też - nazwa pospolita

  • nazwa posp. lub nazwa geogr. na pocz.: Operacja "Grona Gniewu" (1996)

550 ## - Trop zob. też - nazwa pospolita

  • nazwa posp. lub nazwa geogr. na pocz.: Operacja pokojowa ONZ w Libanie (1978- )

550 ## - Trop zob. też - nazwa pospolita

  • nazwa posp. lub nazwa geogr. na pocz.: I wojna libańska (1982-1985)

550 ## - Trop zob. też - nazwa pospolita

  • nazwa posp. lub nazwa geogr. na pocz.: II wojna libańska (2006)

550 ## - Trop zob. też - nazwa pospolita

  • nazwa posp. lub nazwa geogr. na pocz.: Wojna domowa w Libanie (1975-1991)

550 ## - Trop zob. też - nazwa pospolita

  • nazwa posp. lub nazwa geogr. na pocz.: Wojna Izraela z Hezbollahem (2023- )

555 ## - Trop zob. też - nazwa rodz. lub formalna

  • nazwa rodzajowa/formalna: Czasopismo libańskie

670 ## - Źródło informacji

  • źródło informacji: EP 1994

670 ## - Źródło informacji

  • źródło informacji: PSG
Biblioteka Instytutu Północnego, ul. Partyzantów 87, 10-402 Olsztyn, email: biblioteka(at)ip.olsztyn.pl